000
00246nam a2200097Ia 4500
008
220204s9999 xx 000 0 und d
082
_a
065
_b
FRO
245
0
_a
From 1980: New worlds for business
260
_a
USA
_b
Harward College
_c
1974
942
_c
BK
999
_c
37200
_d
37200